| 000 | 00630nam a2200205 i 4500 | ||
|---|---|---|---|
| 001 | 39975 | ||
| 003 | ES-MaACL | ||
| 005 | 20250805063238.0 | ||
| 007 | t| | ||
| 008 | 030304s1957 sp ||||1| spa d | ||
| 100 | 1 |
_aCarr, John Dickson, _d1906-1977 _935468 |
|
| 245 | 1 | 3 |
_aEl que susurra / _cJohn Dickson Carr ; traducción de Clara de la Rosa. |
| 260 |
_aBarcelona : _bE.D.H.A.S.A., _c[1957] |
||
| 300 |
_a255 p. ; _c18 cm. |
||
| 490 | 1 | _aEl séptimo círculo | |
| 700 | 1 |
_aRosa , Clara de la. _9181833 |
|
| 830 | 0 |
_aEl séptimo círculo _9181830 |
|
| 852 |
_aES-MaACL _jC-13936 _bR.41522 |
||
| 999 |
_c39975 _d39975 |
||